[Event "62.HEM 2008, Gruppe C"]
[Site "Hanau"]
[Date "2008.03.19"]
[Round "1.1"]
[White "Mussler, Thomas"]
[Black "Smits, Oswald"]
[Result "1/2-1/2"]
[WhiteElo "2168"]
[BlackElo "1921"]
[PlyCount "48"]
[EventDate "2008.??.??"]

1. e4 c5 2. Nf3 d6 3. d3 Nc6 4. g3 Bg4 5. Bg2 Nd4 6. Nbd2 g6 7. c3 Nxf3+ 8.
Nxf3 Bg7 9. O-O Qd7 10. Re1 e5 11. a3 Ne7 12. Be3 O-O 13. Rb1 f5 14. Qb3+ Kh8
15. Ng5 Nc6 16. f4 Rae8 17. Qc2 h6 18. Nf3 fxe4 19. dxe4 exf4 20. gxf4 Qe7 21.
Nd2 Bf6 22. e5 Bg7 23. Be4 Bf5 24. Bxf5 gxf5 1/2-1/2

[Event "62.HEM 2008, Gruppe C"]
[Site "Hanau"]
[Date "2008.03.19"]
[Round "1.2"]
[White "Ewin, Hans-Peter"]
[Black "Eg, Karlheinz"]
[Result "0-1"]
[WhiteElo "1920"]
[BlackElo "2090"]
[PlyCount "84"]
[EventDate "2008.??.??"]

1. e4 e5 2. f4 exf4 3. Nf3 Be7 4. Bc4 Bh4+ 5. Kf1 d6 6. d4 Bg4 7. Bxf4 Ne7 8.
Nbd2 Ng6 9. Be3 O-O 10. c3 Nc6 11. h3 Bd7 12. g4 Qe7 13. Kg2 d5 14. Bxd5 Qd6
15. Nf1 Rae8 16. c4 Nce7 17. c5 Qf6 18. Bc4 Bc6 19. Qc2 Bxe4 20. Qxe4 Nd5 21.
Bxd5 Rxe4 22. Bxe4 Re8 23. g5 Qa6 24. Nxh4 Nxh4+ 25. Kg3 Rxe4 26. Re1 Qe6 27.
Rh2 Nf5+ 28. Kf2 Nxd4 29. Nd2 Qf5+ 30. Kg1 Rxe3 31. Rxe3 Qxg5+ 32. Kf2 Qf4+ 33.
Nf3 g6 34. Rh1 Nf5 35. Rhe1 Qg3+ 36. Ke2 Qg2+ 37. Kd3 Nxe3 38. Rxe3 Qxh3 39.
Ne5 Qf5+ 40. Kd4 c6 41. Rf3 Qe6 42. Rxf7 Qd5+ 0-1

[Event "62.HEM 2008, Gruppe C"]
[Site "Hanau"]
[Date "2008.03.19"]
[Round "1.3"]
[White "Scholz, Uwe"]
[Black "Genis, Roy"]
[Result "1-0"]
[WhiteElo "2072"]
[BlackElo "1917"]
[PlyCount "105"]
[EventDate "2008.??.??"]

1. c4 Nf6 2. Nc3 e6 3. e4 d5 4. e5 Ne4 5. Nxe4 dxe4 6. Qg4 c5 7. Qxe4 Nc6 8.
Nf3 Qd7 9. a3 b6 10. Be2 Bb7 11. Qg4 h6 12. O-O O-O-O 13. b3 Nd4 14. Nxd4 Qxd4
15. Qxd4 Rxd4 16. d3 Be7 17. Be3 Rd7 18. Rfb1 Rhd8 19. b4 Rc7 20. Rb3 f6 21. f4
g5 22. Rab1 Rg8 23. g3 gxf4 24. Bxf4 fxe5 25. Bxe5 Rd7 26. Kf2 cxb4 27. axb4
Rf8+ 28. Ke3 Bg5+ 29. Bf4 Bxf4+ 30. gxf4 Rdf7 31. Rf1 e5 32. f5 Bg2 33. Rf2 Bh3
34. Ke4 Rxf5 35. Rxf5 Bxf5+ 36. Kxe5 Re8+ 37. Kxf5 Rxe2 38. h4 Rg2 39. Ra3 Kb7
40. b5 h5 41. Ra1 Rg4 42. Rh1 a5 43. bxa6+ Kxa6 44. Ke5 Kb7 45. d4 Kc6 46. d5+
Kd7 47. Rb1 Rxh4 48. Rxb6 Rxc4 49. Rb7+ Rc7 50. Rb6 h4 51. Rd6+ Ke8 52. Rh6 Ra7
53. Rh8+ 1-0

[Event "62.HEM 2008, Gruppe C"]
[Site "Hanau"]
[Date "2008.03.19"]
[Round "1.4"]
[White "Hoehne, Volkmar"]
[Black "Warnk, Torsten"]
[Result "1-0"]
[WhiteElo "1917"]
[BlackElo "2063"]
[PlyCount "117"]
[EventDate "2008.??.??"]

1. d4 d5 2. c4 e6 3. Nc3 Nf6 4. cxd5 Nxd5 5. Nf3 b6 6. e3 Bb7 7. Bd3 Nd7 8. O-O
N7f6 9. Ne5 Bd6 10. Qa4+ Kf8 11. f4 c5 12. Bd2 cxd4 13. exd4 Nxc3 14. Bxc3 Bxe5
15. fxe5 Qd5 16. Qc2 Ng4 17. Rf3 Rc8 18. Qe2 Rc7 19. a3 h5 20. Re1 Ke8 21. Rf4
Qd8 22. Be4 Qh4 23. g3 Qh3 24. Qg2 Qxg2+ 25. Bxg2 g5 26. Rff1 h4 27. Bxb7 Rxb7
28. h3 Nh6 29. g4 Rd7 30. Re4 Rg8 31. Rf6 Rg6 32. Rxg6 fxg6 33. Bd2 Nf7 34. Kf2
Rc7 35. Re2 Rc2 36. Be3 Rc7 37. Ke1 Rd7 38. Rc2 Kd8 39. Ke2 Rd5 40. Kf3 Rd7 41.
Rc6 Ke7 42. Ke4 Rd8 43. Rc7+ Rd7 44. Rxd7+ Kxd7 45. d5 Ke7 46. a4 Kd7 47. b4
Ke7 48. a5 bxa5 49. bxa5 a6 50. Kd4 Kd7 51. Bd2 Nd8 52. Bxg5 exd5 53. Kxd5 Ne6
54. Bxh4 Nf4+ 55. Kc5 Kc7 56. Bg3 Ne6+ 57. Kd5 Kd7 58. h4 Nc7+ 59. Kc5 1-0

[Event "62.HEM 2008, Gruppe C"]
[Site "Hanau"]
[Date "2008.03.19"]
[Round "1.5"]
[White "Mueller, Pascal"]
[Black "Juhnke, Peter"]
[Result "0-1"]
[WhiteElo "2059"]
[BlackElo "1917"]
[PlyCount "70"]
[EventDate "2008.??.??"]

1. e4 d5 2. d4 e6 3. e5 c5 4. c3 Nc6 5. Nf3 Bd7 6. Bd3 cxd4 7. cxd4 Nb4 8. Be2
Rc8 9. Nc3 a6 10. O-O f5 11. Re1 g6 12. a3 Nc6 13. Nxd5 exd5 14. e6 Bxe6 15.
Ng5 Bf7 16. Bxa6+ Be7 17. Bxb7 Rc7 18. Qb3 Kf8 19. Nxf7 Kxf7 20. Bf4 Nf6 21.
Bxc7 Qxc7 22. Qb5 Rb8 23. Qxc6 Rxb7 24. Qe6+ Kg7 25. Rac1 Qf4 26. Qc8 Ra7 27.
g3 Qxd4 28. Rc7 Ne4 29. Rf1 Kf7 30. Rxa7 Qxa7 31. Qh8 Bf6 32. Qxh7+ Bg7 33. Kg2
d4 34. Rc1 d3 35. Rc8 Nf6 0-1

[Event "62.HEM 2008, Gruppe C"]
[Site "Hanau"]
[Date "2008.03.19"]
[Round "1.6"]
[White "Foerster, Rudi"]
[Black "Rack, Matthias"]
[Result "0-1"]
[WhiteElo "1914"]
[BlackElo "2051"]
[PlyCount "100"]
[EventDate "2008.??.??"]

1. e4 d5 2. exd5 Qxd5 3. Nc3 Qd8 4. d4 Nf6 5. Bg5 c6 6. Qd2 Bf5 7. Bc4 Nbd7 8.
Nf3 h6 9. Bxf6 Nxf6 10. O-O-O e6 11. Qe2 Bb4 12. d5 Bxc3 13. dxe6 Bxb2+ 14.
Kxb2 Qb6+ 15. Ka1 O-O 16. Ne5 fxe6 17. Nd7 Nxd7 18. Bxe6+ Kh8 19. Rxd7 Rae8 20.
Qe5 Rf6 21. Rb1 Qxf2 22. Rbxb7 Qxc2 23. Qb2 Qxb2+ 24. Kxb2 Rfxe6 25. Rxg7 c5
26. Rxa7 Re3 27. Rgc7 Rb8+ 28. Rab7 Rxb7+ 29. Rxb7 Re2+ 30. Kc3 Rxa2 31. Rc7
Rxg2 32. h4 Rc2+ 33. Kb3 c4+ 34. Kb4 Bd3 35. Kc5 Rf2 36. Kd4 Rf4+ 37. Ke5 Rxh4
38. Kf6 Rf4+ 39. Ke5 Rf8 40. Kd4 Rg8 41. Ke5 Rg7 42. Rc8+ Kh7 43. Kf4 h5 44.
Rc5 Kh6 45. Rc8 Rf7+ 46. Kg3 Kg5 47. Rg8+ Bg6 48. Rc8 h4+ 49. Kh2 Rf4 50. Kh3
Bf5+ 0-1

[Event "62.HEM 2008, Gruppe C"]
[Site "Hanau"]
[Date "2008.03.19"]
[Round "1.7"]
[White "Schnegelsberg, Karl-Heinz"]
[Black "Beck, Manfred"]
[Result "1/2-1/2"]
[WhiteElo "2044"]
[BlackElo "1895"]
[PlyCount "85"]
[EventDate "2008.??.??"]

1. Nf3 c5 2. g3 g6 3. Bg2 Bg7 4. O-O Nf6 5. d3 Nc6 6. e4 d6 7. Nbd2 O-O 8. c3
Bg4 9. h3 Bxf3 10. Qxf3 e5 11. Nc4 Rb8 12. Be3 b5 13. Nd2 b4 14. Nc4 Na5 15.
cxb4 Nxc4 16. dxc4 Rxb4 17. Qe2 Qc7 18. Rad1 Nd7 19. Rd2 Rd8 20. Rfd1 Nf8 21.
h4 Ne6 22. Rd5 Nd4 23. Bxd4 cxd4 24. b3 a5 25. Rd3 a4 26. Rb5 Rb8 27. Rf3 R8xb5
28. cxb5 axb3 29. axb3 Qb7 30. Bf1 d3 31. Qxd3 Rd4 32. Qc2 Qxe4 33. Qc6 f5 34.
Bc4+ d5 35. Re3 Rd1+ 36. Bf1 Qb1 37. Kh2 Rxf1 38. Qxd5+ Kf8 39. Qd8+ Kf7 40.
Qd7+ Kf8 41. Qd8+ Kf7 42. Qd5+ Kf8 43. Qd8+ 1/2-1/2

[Event "62.HEM 2008, Gruppe C"]
[Site "Hanau"]
[Date "2008.03.19"]
[Round "1.8"]
[White "Geringer, Waldemar"]
[Black "Enders, Georg"]
[Result "1-0"]
[WhiteElo "1891"]
[BlackElo "2042"]
[PlyCount "118"]
[EventDate "2008.??.??"]

1. d4 Nf6 2. c4 e6 3. g3 d5 4. Bg2 c6 5. Nf3 dxc4 6. O-O Nbd7 7. Qc2 Nb6 8. Rd1
Be7 9. Ne5 O-O 10. Nxc4 Nxc4 11. Qxc4 e5 12. Nc3 Be6 13. d5 cxd5 14. Nxd5 Kh8
15. e4 Rc8 16. Qa4 Bg4 17. f3 Nxd5 18. exd5 Bc5+ 19. Kh1 Bf5 20. f4 Bb6 21. Re1
Bc2 22. Qa3 e4 23. Be3 Bxe3 24. Qxe3 f5 25. Qxa7 Qxd5 26. Rac1 b5 27. Qf2 Bd3
28. a3 Rc4 29. Qd2 Rfc8 30. Rxc4 Qxc4 31. h4 Qc2 32. Rd1 Qxd2 33. Rxd2 Rc2 34.
Rxc2 Bxc2 35. Bf1 Bd3 36. Kg1 Bxf1 37. Kxf1 Kg8 38. Ke2 Kf7 39. Ke3 Ke6 40. Kd4
Kd6 41. h5 g6 42. g4 Ke6 43. b3 Kd6 44. hxg6 hxg6 45. gxf5 gxf5 46. Ke3 Kc5 47.
Ke2 Kd4 48. Kd2 Kd5 49. Ke3 Kc5 50. Ke2 Kd4 51. Kd2 e3+ 52. Ke2 Kc3 53. a4 bxa4
54. bxa4 Kb4 55. Kxe3 Kxa4 56. Kd4 Kb5 57. Ke5 Kc6 58. Kxf5 Kd7 59. Kf6 Ke8 1-0

[Event "62.HEM 2008, Gruppe C"]
[Site "Hanau"]
[Date "2008.03.19"]
[Round "1.9"]
[White "Johne, Siegfried"]
[Black "Meier, Lars"]
[Result "1/2-1/2"]
[WhiteElo "2023"]
[BlackElo "1864"]
[PlyCount "68"]
[EventDate "2008.??.??"]

1. e4 d5 2. exd5 Nf6 3. d4 Bf5 4. Bd3 Qxd5 5. Nf3 Bxd3 6. Qxd3 Qe4+ 7. Qxe4
Nxe4 8. Bf4 Nd7 9. O-O h6 10. Re1 Nef6 11. c4 O-O-O 12. Nc3 a6 13. h3 e6 14. c5
g5 15. Bh2 Bg7 16. b4 Nb8 17. b5 Nd5 18. bxa6 Nxa6 19. Nb5 Nf4 20. Rab1 Rd5 21.
Rb3 Nb8 22. Na7+ Kd7 23. Bxf4 gxf4 24. Re4 Nc6 25. Nxc6 Kxc6 26. Rxf4 f5 27.
Re3 Kd7 28. g4 Ra8 29. gxf5 exf5 30. a3 Bf6 31. h4 Rg8+ 32. Kf1 Rg4 33. Ne5+
Bxe5 34. Rxf5 Rgxd4 1/2-1/2

[Event "62.HEM 2008, Gruppe C"]
[Site "Hanau"]
[Date "2008.03.19"]
[Round "1.10"]
[White "Haftmann, Rainer"]
[Black "Fischer, Arthur"]
[Result "1/2-1/2"]
[WhiteElo "1859"]
[BlackElo "2013"]
[PlyCount "118"]
[EventDate "2008.??.??"]

1. e4 e6 2. d4 d5 3. Nd2 c5 4. exd5 exd5 5. Ngf3 Nc6 6. Bb5 Bd6 7. O-O Nge7 8.
dxc5 Bxc5 9. Nb3 Bd6 10. h3 O-O 11. Be3 Bc7 12. Re1 a6 13. Bd3 Ng6 14. Bc5 Bd6
15. Bxd6 Qxd6 16. c3 Nf4 17. Bf1 Qg6 18. Kh2 Qd6 19. g3 Ng6 20. Qd2 Be6 21. Re3
Rad8 22. Nbd4 Nxd4 23. Qxd4 Ne7 24. Bd3 Nf5 25. Bxf5 Bxf5 26. Rae1 h6 27. Qe5
Qd7 28. g4 Be6 29. Nd4 Rde8 30. Qg3 Qc8 31. f4 Bd7 32. Qf3 Rxe3 33. Rxe3 Bc6
34. Qe2 Qb8 35. Qf2 Re8 36. Rxe8+ Qxe8 37. Qe2 Qb8 38. Qe5 Qxe5 39. fxe5 Kf8
40. Kg3 g6 41. h4 Ke7 42. g5 hxg5 43. hxg5 Bd7 44. Kf4 b6 45. Nc2 a5 46. b4 Ba4
47. Nd4 Bd7 48. a3 axb4 49. cxb4 Be8 50. Ke3 b5 51. Kf4 Bd7 52. Nb3 Bc6 53. Nc5
Bd7 54. Ke3 Bc6 55. Kd4 Ba8 56. Kc3 Bc6 57. Kd4 Ba8 58. Na6 Kd7 59. Nc5+ Ke7
1/2-1/2

[Event "62.HEM 2008, Gruppe C"]
[Site "Hanau"]
[Date "2008.03.19"]
[Round "1.11"]
[White "Radtke, Thoralf"]
[Black "Guenzler, Richard"]
[Result "0-1"]
[WhiteElo "2005"]
[BlackElo "1851"]
[PlyCount "52"]
[EventDate "2008.??.??"]

1. f4 Nf6 2. Nf3 c5 3. e3 Nc6 4. b3 g6 5. Bb2 Bg7 6. Bb5 O-O 7. O-O Qc7 8. Bxc6
Qxc6 9. Ne5 Qc7 10. c4 d6 11. Nf3 Bd7 12. Nc3 a6 13. Rb1 b5 14. Nd5 Nxd5 15.
cxd5 Qb7 16. Bxg7 Kxg7 17. e4 f5 18. Qe1 fxe4 19. Qxe4 Bf5 20. Qe3 Bxb1 21.
Rxb1 h6 22. Qe4 Rf6 23. d4 e6 24. dxc5 exd5 25. Qd4 dxc5 26. Qxc5 Qa7 0-1

[Event "62.HEM 2008, Gruppe C"]
[Site "Hanau"]
[Date "2008.03.19"]
[Round "1.12"]
[White "Draxler, Gottfried"]
[Black "Ritscher, Georg"]
[Result "1/2-1/2"]
[WhiteElo "1846"]
[BlackElo "1993"]
[PlyCount "171"]
[EventDate "2008.??.??"]

1. d4 d5 2. c4 c6 3. cxd5 cxd5 4. Nc3 Nf6 5. Nf3 e6 6. a3 Be7 7. e3 O-O 8. Bd3
Bd7 9. O-O Nc6 10. b4 a6 11. Bb2 b5 12. Rc1 Qb6 13. Qe2 Rfc8 14. Rc2 Ne8 15.
Ne5 Rc7 16. Nxd7 Rxd7 17. Rfc1 Na7 18. Nb1 Nd6 19. Nd2 Nc4 20. Nb3 Rc7 21. Nc5
Nc6 22. Bxc4 bxc4 23. Bc3 Na7 24. a4 Nc6 25. Rb2 Na7 26. Rcb1 Nc8 27. e4 dxe4
28. Qxe4 Qc6 29. Qxc6 Rxc6 30. f3 Nd6 31. Kf2 h6 32. Ke2 Bf6 33. Rd1 Nf5 34.
Ne4 Ne7 35. Nxf6+ gxf6 36. b5 axb5 37. axb5 Rb6 38. Rdb1 Nd5 39. Kd2 Ra3 40.
Rc2 Rb3 41. Ra1 R6xb5 42. Ra4 Rb1 43. Rxc4 Rg1 44. Rc8+ Kg7 45. g3 Rbb1 46. Kd3
Rbd1+ 47. Rd2 Rxd2+ 48. Bxd2 Rg2 49. Rc2 Kg6 50. Be1 Rg1 51. Re2 f5 52. Bd2 Ra1
53. Rf2 Ra3+ 54. Ke2 Rb3 55. Rg2 Ra3 56. Rf2 Ra2 57. Ke1 Ra4 58. Bc1 Rxd4 59.
Rc2 Rd3 60. Ke2 Rc3 61. Rxc3 Nxc3+ 62. Kd3 Nd5 63. Kd4 h5 64. h3 Nb4 65. Bd2
Nc6+ 66. Ke3 Ne5 67. Bc3 Nc6 68. f4 Ne7 69. Bd4 Nd5+ 70. Kf3 Nb4 71. Bb2 Nd3
72. Bc3 Nc5 73. Bd4 Ne4 74. Bb2 Nd2+ 75. Ke2 Nc4 76. Bd4 Nd6 77. Kf3 Ne4 78.
Bb2 Nd6 79. Bd4 Nc4 80. Bc3 f6 81. g4 fxg4+ 82. hxg4 hxg4+ 83. Kxg4 Ne3+ 84.
Kf3 Nd5 85. Bb2 Kf5 86. Bc1 1/2-1/2

[Event "62.HEM 2008, Gruppe C"]
[Site "Hanau"]
[Date "2008.03.19"]
[Round "1.13"]
[White "Froehlich-Dill, Astrid"]
[Black "Krzesinski, Paul"]
[Result "1-0"]
[WhiteElo "1991"]
[BlackElo "1829"]
[PlyCount "45"]
[EventDate "2008.??.??"]

1. d4 Nf6 2. c4 d5 3. cxd5 Nxd5 4. e4 Nf6 5. Nc3 e6 6. Nf3 Bb4 7. Bg5 h6 8.
Bxf6 Qxf6 9. Qa4+ Nc6 10. Ne5 Bxc3+ 11. bxc3 a6 12. Bb5 axb5 13. Qxa8 Ne7 14.
O-O O-O 15. Qa5 Qg5 16. f4 Qh5 17. Qxc7 Re8 18. Rae1 f6 19. Nd3 g5 20. fxg5
Qxg5 21. Rf3 Qd2 22. Qg3+ Kf7 23. Ne5+ 1-0

[Event "62.HEM 2008, Gruppe C"]
[Site "Hanau"]
[Date "2008.03.19"]
[Round "1.14"]
[White "Schmitt, Carsten"]
[Black "Fußnecker, Manfred"]
[Result "1/2-1/2"]
[WhiteElo "1821"]
[BlackElo "1989"]
[PlyCount "113"]
[EventDate "2008.??.??"]

1. e4 e5 2. Nf3 d6 3. d4 exd4 4. Nxd4 Nf6 5. Nc3 Be7 6. Bc4 O-O 7. O-O Re8 8.
Re1 Nbd7 9. a4 Bf8 10. Bg5 Ne5 11. Ba2 c6 12. Qd2 Ng6 13. Rad1 h6 14. Be3 Nxe4
15. Nxe4 Rxe4 16. Qd3 d5 17. c4 Ne5 18. Qc2 Ng4 19. Bb1 Nxe3 20. Rxe3 f5 21.
Red3 Qe8 22. f3 Re1+ 23. Kf2 Rxd1 24. Rxd1 Qe5 25. cxd5 cxd5 26. Nxf5 Bxf5 27.
Qxf5 Bc5+ 28. Kf1 Re8 29. Qxe5 Rxe5 30. Rxd5 Rxd5 31. Ba2 Kf8 32. Bxd5 b6 33.
Ke2 Ke7 34. Kd3 Kd6 35. Ke4 Bg1 36. h3 Kc5 37. Bf7 a5 38. g4 Bd4 39. b3 Bf6 40.
Bc4 Kd6 41. Kf5 Ke7 42. Kg6 Kf8 43. Kh5 Ke7 44. h4 Be5 45. Kg6 Kf8 46. Kf5 Bg3
47. h5 Be1 48. Ke5 Bc3+ 49. Kd5 Ke7 50. Ke4 Kf6 51. Bg8 Bd2 52. Bc4 Kg5 53. Bf7
Kf6 54. Bg6 Kg5 55. Bf7 Bf4 56. Bg6 Bd6 57. Bf7 1/2-1/2

[Event "62.HEM 2008, Gruppe C"]
[Site "Hanau"]
[Date "2008.03.19"]
[Round "1.15"]
[White "Gutacker, Stephan"]
[Black "Iwanziw, Niklas"]
[Result "1/2-1/2"]
[WhiteElo "1985"]
[BlackElo "1820"]
[PlyCount "72"]
[EventDate "2008.??.??"]

1. e4 c5 2. c3 Nf6 3. e5 Nd5 4. Nf3 e6 5. d4 cxd4 6. cxd4 d6 7. Nc3 Nxc3 8.
bxc3 Nc6 9. Bf4 Qa5 10. Qd2 d5 11. Rb1 Be7 12. Bd3 a6 13. O-O b5 14. Bg5 Ba3
15. Qc2 h6 16. Bd2 Qc7 17. Qb3 Be7 18. Ne1 b4 19. Nf3 a5 20. cxb4 axb4 21. Rfc1
Qb7 22. a4 Na5 23. Bb5+ Bd7 24. Qd3 Bxb5 25. axb5 b3 26. Bxa5 Rxa5 27. Rxb3 O-O
28. h3 Rb8 29. Rcb1 Qc7 30. Nd2 Ra2 31. b6 Qb7 32. Rb5 Ra6 33. Qb3 Bd8 34. Qb4
Be7 35. Qb3 Bd8 36. Qb4 Be7 1/2-1/2

[Event "62.HEM 2008, Gruppe C"]
[Site "Hanau"]
[Date "2008.03.19"]
[Round "1.16"]
[White "Overbeck, Christopher"]
[Black "Rompel, Michael"]
[Result "1-0"]
[WhiteElo "1816"]
[BlackElo "1981"]
[PlyCount "87"]
[EventDate "2008.??.??"]

1. d4 d5 2. Nf3 e6 3. g3 Bd6 4. c4 c6 5. Bg2 Nd7 6. Qd3 f5 7. O-O Ngf6 8. b3
O-O 9. Ba3 Qe7 10. Bxd6 Qxd6 11. Nc3 Ne4 12. Rfd1 Ndf6 13. c5 Qc7 14. Ne5 Bd7
15. b4 Rad8 16. Rdb1 Rde8 17. Rb3 Re7 18. a4 Be8 19. b5 Nxc5 20. dxc5 Qxe5 21.
bxc6 Bxc6 22. Rab1 Qc7 23. Nb5 Qa5 24. Nd6 Rb8 25. Qe3 Qc7 26. Rb4 Ne8 27. Qf4
Qd8 28. Nb5 Bxb5 29. Rxb5 Qc7 30. Qb4 Nf6 31. a5 Qc6 32. a6 Qxa6 33. Ra5 Qc6
34. Rxa7 Rc7 35. Bf3 Nd7 36. Ra5 Nxc5 37. Rc1 b6 38. Raxc5 Qxc5 39. Rxc5 Rxc5
40. e3 Rc1+ 41. Kg2 Rb7 42. Qd6 b5 43. Qxe6+ Rf7 44. Qe8+ 1-0

[Event "62.HEM 2008, Gruppe C"]
[Site "Hanau"]
[Date "2008.03.19"]
[Round "1.17"]
[White "Walda, Michael"]
[Black "Weber, Andreas"]
[Result "1-0"]
[WhiteElo "1973"]
[BlackElo "1813"]
[PlyCount "65"]
[EventDate "2008.??.??"]

1. e4 e5 2. f4 d5 3. d4 exd4 4. e5 Bc5 5. Nf3 Bg4 6. Bd3 Nc6 7. Qe2 Qd7 8. Nbd2
Nge7 9. Nb3 Bb6 10. Bd2 O-O 11. O-O a5 12. Qe1 Bf5 13. Kh1 Bxd3 14. cxd3 a4 15.
Nc1 Nf5 16. Ne2 Nce7 17. g4 Ne3 18. Bxe3 dxe3 19. f5 d4 20. f6 Ng6 21. Qg3 c5
22. h4 Rfe8 23. h5 Nxe5 24. Nxe5 Qd5+ 25. Nf3 Bc7 26. Qxc7 Rac8 27. Qf4 b5 28.
b3 h6 29. fxg7 axb3 30. Qxh6 f6 31. axb3 Qd7 32. Qh8+ Kf7 33. Qh7 1-0

[Event "62.HEM 2008, Gruppe C"]
[Site "Hanau"]
[Date "2008.03.19"]
[Round "1.18"]
[White "Zimmerer, David"]
[Black "Bosse, Volkmar"]
[Result "0-1"]
[WhiteElo "1808"]
[BlackElo "1968"]
[PlyCount "58"]
[EventDate "2008.??.??"]

1. e4 e6 2. d4 d5 3. Nc3 Bb4 4. e5 c5 5. a3 Bxc3+ 6. bxc3 Qc7 7. Qg4 Ne7 8.
Qxg7 Rg8 9. Qxh7 cxd4 10. Ne2 Nbc6 11. f4 Bd7 12. Qd3 dxc3 13. Nxc3 a6 14. Ne2
Rc8 15. Rb1 Nf5 16. Bd2 Na5 17. Bxa5 Qxa5+ 18. Kd1 Bb5 19. Qb3 Ba4 20. Qb4 Qxb4
21. Rxb4 b5 22. Rb2 Ne3+ 23. Kd2 Nc4+ 24. Kc1 Nxb2 25. Kxb2 Rxc2+ 26. Ka1 Ke7
27. g3 Rgc8 28. Nd4 Rd2 29. Ne2 Rcc2 0-1

[Event "62.HEM 2008, Gruppe C"]
[Site "Hanau"]
[Date "2008.03.19"]
[Round "1.19"]
[White "Will, Jens"]
[Black "Rausch, Wolfgang"]
[Result "1-0"]
[WhiteElo "1964"]
[BlackElo "1800"]
[PlyCount "163"]
[EventDate "2008.??.??"]

1. Nf3 Nf6 2. g3 d5 3. Bg2 Bf5 4. O-O e6 5. d3 h6 6. Nbd2 Bd6 7. Re1 e5 8. c4
c6 9. a3 a5 10. Qa4 Nbd7 11. cxd5 cxd5 12. e4 dxe4 13. dxe4 Be6 14. Nc4 Bxc4
15. Qxc4 O-O 16. Bd2 Qb8 17. Bc3 b5 18. Qb3 Qb6 19. Rad1 b4 20. axb4 Bxb4 21.
Bxb4 Qxb4 22. Qxb4 axb4 23. Bh3 Nc5 24. Nxe5 Ncxe4 25. Bg2 Rae8 26. Bxe4 Nxe4
27. Nd7 Ng5 28. Nxf8 Nf3+ 29. Kf1 Nxe1 30. Rxe1 Rxf8 31. Re4 Rb8 32. Ke2 f5 33.
Re7 Kf8 34. Rd7 b3 35. Rc7 Kg8 36. Kd3 Rb4 37. Kc3 Rb6 38. Rd7 g6 39. h3 Kf8
40. Kc4 Ke8 41. Rd3 Rc6+ 42. Kxb3 Rc1 43. h4 Ke7 44. Rc3 Rf1 45. Rc2 g5 46.
hxg5 hxg5 47. Kc4 Kd6 48. b4 Rb1 49. Kc3 Kc6 50. Rb2 Rd1 51. Kc4 f4 52. Re2
fxg3 53. fxg3 Rc1+ 54. Kd4 Rg1 55. Re3 Rb1 56. Rc3+ Kb6 57. Kc4 Rb2 58. Rb3 Rf2
59. Kd4 Kb5 60. Re3 Rg2 61. Re5+ Kxb4 62. Rxg5 Re2 63. Re5 Rg2 64. Re3 Kb5 65.
Ke4 Kc5 66. Kf4 Kd5 67. Kg4 Rg1 68. Kh4 Kd4 69. Re8 Kd5 70. g4 Kd6 71. Kh5 Rh1+
72. Kg6 Kd7 73. Re2 Rg1 74. g5 Rg3 75. Kf6 Rf3+ 76. Kg7 Rg3 77. g6 Rg1 78. Kf7
Rf1+ 79. Kg8 Rg1 80. g7 Rf1 81. Re5 Kd6 82. Rh5 1-0

[Event "62.HEM 2008, Gruppe C"]
[Site "Hanau"]
[Date "2008.03.19"]
[Round "1.20"]
[White "Egenolf, Dirk"]
[Black "Wolff, Michael"]
[Result "1/2-1/2"]
[WhiteElo "1799"]
[BlackElo "1953"]
[PlyCount "55"]
[EventDate "2008.??.??"]

1. Nf3 c5 2. g3 Nc6 3. Bg2 Nf6 4. d3 g6 5. O-O Bg7 6. e4 O-O 7. Nbd2 d6 8. c3
Ne8 9. a4 b6 10. Nc4 Bb7 11. Ne3 Rb8 12. Nh4 e6 13. f4 Ne7 14. f5 exf5 15. exf5
g5 16. Nf3 h6 17. Nd2 d5 18. Ng4 Nf6 19. Nxf6+ Bxf6 20. g4 Kg7 21. Nf3 d4 22.
c4 Nc6 23. Bd2 Re8 24. Re1 Qd7 25. Rxe8 Rxe8 26. Qf1 Ne5 27. Nxe5 Rxe5 28. Bxb7
1/2-1/2

[Event "62.HEM 2008, Gruppe C"]
[Site "Hanau"]
[Date "2008.03.19"]
[Round "1.21"]
[White "Larem, Peter"]
[Black "Wiest, Kurt"]
[Result "1-0"]
[WhiteElo "1951"]
[BlackElo "1792"]
[PlyCount "103"]
[EventDate "2008.??.??"]

1. e4 e5 2. d4 exd4 3. c3 d3 4. Qxd3 Bc5 5. Nf3 Nc6 6. Nbd2 Nge7 7. Nb3 Bb6 8.
Bg5 d6 9. Be2 Be6 10. Nbd4 Qd7 11. O-O Ng6 12. Rfd1 Nce5 13. Nxe5 Nxe5 14. Qg3
Bg4 15. Rd2 Bxe2 16. Rxe2 Qg4 17. Qxg4 Nxg4 18. h3 Ne5 19. Nf5 f6 20. Nxg7+ Kf7
21. Bh6 Nd3 22. Nf5 Nxf2 23. Rxf2 Bxf2+ 24. Kxf2 Rae8 25. Bf4 Re6 26. Kf3 Rhe8
27. Ng3 Kg6 28. Rd1 Kf7 29. Rd5 Kg6 30. c4 R6e7 31. Rh5 Rh8 32. Rh6+ Kf7 33.
Kg4 Ke6 34. Nf5 Rf7 35. Nd4+ Ke7 36. Kf5 Rg8 37. g4 a6 38. b4 c5 39. bxc5 dxc5
40. Ne6 Rg6 41. Nxc5 Rxh6 42. Bxh6 Kd6 43. Ne6 Ke7 44. a4 Ke8 45. c5 Rd7 46.
Kxf6 Rd3 47. h4 Ra3 48. Ng7+ Kd7 49. e5 Rf3+ 50. Nf5 Rf1 51. e6+ Ke8 52. e7 1-0

[Event "62.HEM 2008, Gruppe C"]
[Site "Hanau"]
[Date "2008.03.19"]
[Round "1.22"]
[White "Bankmann, Daniel"]
[Black "Storkebaum, Ulrike"]
[Result "0-1"]
[WhiteElo "1779"]
[BlackElo "1951"]
[PlyCount "106"]
[EventDate "2008.??.??"]

1. e4 e5 2. Bc4 Nf6 3. Nc3 Nc6 4. f4 exf4 5. Nf3 Bb4 6. O-O d6 7. d4 Bxc3 8.
bxc3 O-O 9. Qd3 d5 10. exd5 Nxd5 11. Bb3 Nce7 12. c4 Bf5 13. Qe2 Nc3 14. Qe1
Ne4 15. Bxf4 h6 16. Rd1 a5 17. a4 Re8 18. Ne5 f6 19. c5+ Kh7 20. Nf3 Nd5 21.
Bxd5 Qxd5 22. Bxc7 Nxc5 23. dxc5 Qxc5+ 24. Qf2 Qxc7 25. Nd4 Bg6 26. Rc1 Re5 27.
Nb5 Qc4 28. Qf4 Qc5+ 29. Qd4 Rc8 30. c3 Qe7 31. Qd6 Re8 32. Qxe7 R8xe7 33. Nd4
Re3 34. Rf3 Rxf3 35. Nxf3 Rc7 36. Nd4 Rc4 37. Kf2 Rxa4 38. Re1 Ra2+ 39. Kg3 a4
40. Re7 Kg8 41. Rxb7 a3 42. c4 Bf7 43. c5 Bd5 44. Rb8+ Kf7 45. c6 Rxg2+ 46. Kh3
a2 47. Rb7+ Kg6 48. Ra7 Rg1 49. c7 Rc1 50. Nb5 Be6+ 51. Kh4 a1=Q 52. Rxa1 Rxa1
53. Nd6 Rc1 0-1

[Event "62.HEM 2008, Gruppe C"]
[Site "Hanau"]
[Date "2008.03.19"]
[Round "1.23"]
[White "Gertz, Berthold"]
[Black "Schoesser, Manfred"]
[Result "0-1"]
[WhiteElo "1949"]
[BlackElo "1772"]
[PlyCount "74"]
[EventDate "2008.??.??"]

1. d4 Nf6 2. c4 e5 3. dxe5 Ng4 4. Nf3 Nc6 5. e3 Ngxe5 6. Be2 Bb4+ 7. Bd2 Qe7 8.
O-O Bxd2 9. Qxd2 d6 10. Nc3 Be6 11. Nd5 Qd7 12. b4 O-O 13. Rac1 Nxf3+ 14. Bxf3
Ne5 15. Be2 Rfe8 16. e4 f5 17. f4 Ng6 18. Bf3 Rad8 19. g3 Qf7 20. exf5 Bxf5 21.
g4 Be4 22. Bxe4 Rxe4 23. Rfe1 Rxe1+ 24. Rxe1 c6 25. f5 Ne5 26. Rxe5 dxe5 27.
Qg5 Rd7 28. Ne3 Qf6 29. Qh5 g6 30. Qh3 Qg5 31. fxg6 hxg6 32. Kf1 Qf4+ 33. Ke2
Rf7 34. Qg2 e4 35. h4 Qe5 36. h5 Qb2+ 37. Kd1 Rf2 0-1

[Event "62.HEM 2008, Gruppe C"]
[Site "Hanau"]
[Date "2008.03.19"]
[Round "1.24"]
[White "Reichel, Rolf"]
[Black "Ostermeier, Thorsten"]
[Result "0-1"]
[WhiteElo "1748"]
[BlackElo "1949"]
[PlyCount "93"]
[EventDate "2008.??.??"]

1. Nf3 d5 2. d4 Nf6 3. Bg5 c5 4. dxc5 Nc6 5. e3 e6 6. Nc3 Bxc5 7. Bb5 Bd7 8.
O-O O-O 9. Ne2 a6 10. Bd3 Be7 11. c3 Rc8 12. Bf4 Nh5 13. Bg3 Nxg3 14. Nxg3 b5
15. Bc2 b4 16. Ne2 Qb6 17. c4 dxc4 18. Qb1 g6 19. h4 e5 20. h5 f5 21. hxg6 hxg6
22. g3 e4 23. Nh4 Kg7 24. Nxg6 Kxg6 25. Nf4+ Kf7 26. Qd1 Ne5 27. Qd5+ Be6 28.
Qxe5 Bf6 29. Qxe6+ Qxe6 30. Nxe6 Kxe6 31. f3 exf3 32. Rxf3 Bxb2 33. Raf1 Rc5
34. g4 Rg8 35. Bxf5+ Kd6 36. Rb1 Bc3 37. Rbf1 a5 38. Rh3 Rh8 39. Rxh8 Bxh8 40.
Bc2 Bc3 41. Kf2 Kc6 42. Ba4+ Kb6 43. Rh1 Be5 44. Rh6+ Kc7 45. Rh7+ Kd6 46. Kf3
c3 47. Rh2 0-1

[Event "62.HEM 2008, Gruppe C"]
[Site "Hanau"]
[Date "2008.03.19"]
[Round "1.25"]
[White "Powalla, Klaus"]
[Black "Pade, Eric"]
[Result "0-1"]
[WhiteElo "1931"]
[BlackElo "1731"]
[PlyCount "50"]
[EventDate "2008.??.??"]

1. Nf3 c5 2. b3 Nc6 3. e3 e5 4. Bb5 d6 5. d3 Bd7 6. O-O g6 7. Bb2 Bg7 8. Nbd2
f5 9. Rb1 Nf6 10. a3 O-O 11. e4 Kh8 12. exf5 gxf5 13. Ng5 a6 14. Bxc6 bxc6 15.
Nc4 Qe7 16. f4 exf4 17. Re1 Ne4 18. Nxh7 Bxb2 19. Nxf8 Bd4+ 20. Kf1 Rxf8 21.
Qh5+ Kg7 22. dxe4 fxe4 23. h4 Rh8 24. Qg5+ Qxg5 25. hxg5 Bg4 0-1

[Event "62.HEM 2008, Gruppe C"]
[Site "Hanau"]
[Date "2008.03.19"]
[Round "1.26"]
[White "Raab, Hendrik"]
[Black "Becker, Jonas"]
[Result "1-0"]
[WhiteElo "1731"]
[BlackElo "1922"]
[PlyCount "71"]
[EventDate "2008.??.??"]

1. d4 d5 2. Nf3 Nf6 3. c4 c6 4. e3 e6 5. Nc3 Bd6 6. Bd3 O-O 7. O-O Nbd7 8. b3
e5 9. dxe5 Nxe5 10. Nxe5 Bxe5 11. Qc2 Bxh2+ 12. Kxh2 Ng4+ 13. Kg3 Qd6+ 14. f4
f5 15. Be2 Nf6 16. Rd1 g5 17. cxd5 cxd5 18. Bf3 gxf4+ 19. exf4 Be6 20. Nb5 Qb6
21. Nd4 Ne4+ 22. Bxe4 fxe4 23. Nxe6 Qxe6 24. Be3 Rac8 25. Qd2 Qg6+ 26. Kf2 Rcd8
27. Qd4 b6 28. Rac1 Rf5 29. Rh1 Rdf8 30. Rh4 Rg5 31. Rh2 Qd6 32. Rh4 Qg6 33. g4
Qd6 34. f5 Rfxf5+ 35. Kg2 Rg7 36. Bh6 1-0